Statistics for Pokémon GO: Highest CP Grass-type Pokémon

Click here to take the quiz!

General Stats

  • This quiz has been taken 30 times
    (16 since last reset)
  • The average score is 15 of 20

Answer Stats

Max CPAnswer% Correct
4585Mega Sceptile
100%
4181Mega Venusaur
100%
3691Celebi
90%
3193Meowscarada
90%
3691Shaymin (Land)
90%
4061Shaymin (Sky)
90%
4334Zarude
90%
3340Chesnaught
80%
4156Kartana
80%
3865Tapu Bulu
80%
3417Virizion
80%
3850Mega Abomasnow
70%
3318Torterra
70%
3351Tsareena
70%
3408Exeggutor
60%
3407Exeggutor (Alolan)
60%
3328Leafeon
60%
3425Tangrowth
60%
3345Arboliva
50%
3359Roserade
50%

Score Distribution

Percentile by Number Answered

Percent of People with Each Score

Your Score History

You have not taken this quiz since the last reset